LOTR: Círdan - Statistics

General Stats
  • This quiz has been taken 24 times
  • The average score is 11 of 17
Answer Stats
Answer % Correct
After the War of Wrath and the reshaping of the world, Círdan obediently stayed in Middle-Earth. What city did he build in the Gulf of Lune? the Grey Havens
100%
When the shadow returned in the Third age, Círdan gave away his ring to someone who would need it more; to offer support in weariness and to rekindle hearts in a world that grows chill. To whom did he give his ring? Gandalf
89%
When Celebrimbor created the three Elven Rings of Power, Círdan was offered one of them. Which ring did he receive? Narya, the Ring of Fire
89%
Círdan missed the first trip on Tol Eressëa to Valinor, searching for his king who disappeared. Who was the king of the third Elf-clan? Elwë
84%
After the Fall of Gondolin, Círdan apprenticed the young son of Tuor and Idril. What was his name? Eärendil
79%
While impatiently waiting for Ulmo to return, Círdan studied and mastered the art of making and sailing ships. Thus earning him his famous epithet. Círdan the "..." Shipwright
79%
In the Third Age, Círdan reached his third cycle of life and appeared old save for his eyes which "were keen as stars". What other feature, which was rare for Elves, did he have because of his advanced age? a beard
74%
Círdan belonged to the third and largest Elf-clan to make the great journey to Valinor. What were they called? Teleri
74%
Círdan's first home was in the land where the first Elves awoke. What was this land called? Cuiviénen
68%
He also kept a foothold in the delta of which great river, keeping ships hidden in the reeds there? Sirion
63%
Círdan maintained the Grey Havens into the Fourth Age until he was allowed to fulfill his heart's desire when no more Eldar wished to cross the Sea. He finally sailed West on the Straight Road with his kinsman.Who joined Círdan aboard the Last Ship, the last Elves of the Elder Days in Middle-earth? Celeborn
58%
and one at the mouth of the River Brithon: Brithombar
53%
Still searching for his king, he came to the shores too late during the second embarking of Eressëa. He then remained with those who had chosen to stay east of the Sea, persuaded by Ossë and became their lord. What were these folk called? Falathrim
53%
They built two great walled Elven cities on the western shores of the Falas: one at the mouth of the River Nenning: Eglarest
47%
Círdan sent a messenger to be his representative to the Council of Elrond. What was the name of this messenger? Galdor
42%
The Falas eventually fell to Morgoth after the Nirnaeth Arnoediad, but Círdan escaped by sea. On which island did he build a refuge for the Elves? Isle of Balar
42%
Círdan helped him in building his famous ship, in which the young mariner sailed to Aman to bring the message of Elves and Men to the Valar. Vingilot
42%
No matching quizzes found
Score Distribution
Percent of People with Each Score
Percentile by Number Answered
Your Score History
You have not taken this quiz